000 00814nam a2200253 i 4500
003 DO-SdBNP
005 20250107102059.0
007 ta
008 250107b2024 dr ||||| |||| 00| 0 spa d
020 _a9789945800579
040 _aDO-SdBNP
_bspa
_cBNPHU
_erda
082 4 _axxxx
_bC794l
_222
100 _aCordero Mueses, George René,
_eautor
_4aut.
_986875
245 1 3 _aLo que quise decir cuando callé /
_cGeorge René Cordero Mueses
264 4 _aSanto Domingo :
_beditor no identificado,
_c©2024.
300 _a309 páginas ;
_c22 cm.
336 _atexto
_btxt
_2rdacontent
337 _asin mediación
_bn
_2rdamedia
338 _avolumen
_bnc
_2rdacarrier
500 _aIncluye dtos biográficos del autor en la contracubierta
590 _aInventariado, 2025/BT
910 _aBtavárez
942 _2ddc
_cLBS1
999 _c57989
_d57989